Homo aequalis

Uloženo v:
Podrobná bibliografie
Hlavní autor: Dumont, Louis
Médium: Kniha
Jazyk:Undetermined
Vydáno: Madrid, España Taurus Ediciones 1977
Témata:
Tagy: Přidat tag
Žádné tagy, Buďte první, kdo vytvoří štítek k tomuto záznamu!

MARC

LEADER 00000nam a2200000Ia 4500
008 170316s9999 xx 000 0 und d
090 |a 100 D-35h 
100 |a Dumont, Louis 
245 |a Homo aequalis 
260 |a Madrid, España 
260 |b Taurus Ediciones 
260 |c 1977 
300 |a 255 páginas 
650 |a FILOSOFÍA 
650 |a POLÍTICA 
999 |c 16063  |d 16063 
040 |a cru BVZT 
942 |c 15 D  |h 100 D-35h  |2 z